| 000 | 00512nam a2200121Ia 4500 | ||
|---|---|---|---|
| 008 | 220620s9999||||xx |||||||||||||| ||und|| | ||
| 100 | _aRaffaele Cioffi||Antonella Petrillo||Fabio De Felice | ||
| 245 | 0 | _aDigital Transformation in Smart Manufacturing | |
| 546 | _aEnglish[eng] | ||
| 650 | _aDevelopment Economics||Industrial Development||Social Sciences and Humanities||Management and Economics||Business | ||
| 856 | _uhttps://www.intechopen.com/books/digital-transformation-in-smart-manufacturing | ||
| 942 | _cEB | ||
| 999 |
_c33140 _d33140 |
||